000 00506nam a2200205 a 4500
001 BRCA_6176
005 20190320205347.0
008 110711s1921----fr-#######---#000-0#fre-#
041 _afre
044 _afr
050 4 _aPQ2605
_b.H36 P38
_c1921
100 1 _aChantepleure, Guy
_915554
245 1 0 _aLa passagére
_cGuy Chantepleure.
260 _aParís
_bCalmann- Lévy
_c1921
300 _a432 p.
_c19 cm
500 _aK59
650 1 4 _aLiteratura francesa
_915555
902 _aGFM
942 _2lcc
_cB
999 _c5863
_d5863